Ensayos de la transformación de las formas en arquitectura a partir de modelos reales

Presenta ensayos de diseño mediante la transformación de un objeto real, que sirva de búsqueda de generación de ideas potenciales que diversifiquen la propuesta de diseño.

Bibliographic Details
Main Author: Gallo Mendoza, Aldo Danilo
Other Authors: Tutor: Hernández Hidalgo, Heimdall Verónica
Format: Tesis Section = Libro
Language:Undetermined
Spanish
Published: Managua UNI 2010
Subjects:
LEADER 00937nam a2200229Ia 4500
008 240830s9999 xx 000 0 und d
040 |a BIBLIOTECA-RUSB/ T.Mon 729 G172 
041 |a spa 
082 |a T.Mon 729 G172 
100 1 |a Gallo Mendoza, Aldo Danilo 
245 1 0 |a Ensayos de la transformación de las formas en arquitectura a partir de modelos reales 
260 |a Managua  |b UNI  |c 2010 
300 |a 110 p. :il. 
502 |a Tesis (Arquitecto) - UNI, 2010. 
520 3 |a Presenta ensayos de diseño mediante la transformación de un objeto real, que sirva de búsqueda de generación de ideas potenciales que diversifiquen la propuesta de diseño. 
650 7 |a DISEÑO ARQUITECTÓNICO - METODOLOGÍA ESTRUTURA DEL DISEÑO 
650 7 |b  TRANSFORMACIÓN GEOMETRICA 
650 7 |c  PERSPECTIVA - ARQUITECTURA 
700 1 |a Tutor:  |b Hernández Hidalgo, Heimdall Verónica 
942 |c BK  |2 ddc 
991 |a TESIS 
999 |c 22099